00736nam a2200193 i 4500001000400000100002100004245008800025260005900113300002600172490004600198504002900244650004700273830004600320020002100366040000800387041000800395008004100403856009800444bgj1 aWENZEL, Ryszard.10aJak uczyć języka obcego poprzez samodzielne tworzenie tekstu /cRyszard Wenzel. aWarszawa :bWydawnictwa Szkolne i Pedagogiczne,c1991. a150, [1] pp ;c21 cm.1 aBiblioteka Nauczycieli Języków Obcych aBibliography p. 148-151. 9aLanguage and languagesxStudy and teaching aBiblioteka Nauczycieli Języków Obcych a8302043486 (pbk) cBPK0 aeng s uk f |000 0 eng  uhttp://koha.tu.koszalin.pl/cgi-bin/koha/opac-detail.pl?biblionumber=47292yKatalog online BPK